[Event "Budapest SixDays Three Years IM-B"]
[Site "Budapest"]
[Date "2025.09.22"]
[Round "8"]
[White "Nasta, Kiren Vivek"]
[Black "Chen, Yining"]
[Result "1/2-1/2"]
[WhiteElo "2128"]
[BlackElo "2148"]
[PlyCount "132"]
[EventDate "2025.09.18"]
[EventType "tourn"]
[EventRounds "9"]
[EventCountry "HUN"]
[SourceTitle "CB40_2025"]
[SourceDate "2025.10.01"]
[SourceVersion "1"]
[SourceVersionDate "2025.10.01"]
[SourceQuality "1"]

1. e4 e6 2. d4 d5 3. Nc3 Nf6 4. Bg5 dxe4 5. Nxe4 Nbd7 6. Nf3 h6 7. Bxf6 Nxf6 8. Bd3 Nxe4 9. Bxe4 c5 10. Qe2 Qa5+ 11. c3 cxd4 12. Nxd4 Be7 13. Nc6 Qc7 14. Nxe7 Qxe7 15. 0-0-0 0-0 16. Rhe1 Rb8 17. Bc2 b6 18. Qd3 g6 19. Qe3 Qg5 20. f4 Qf6 21. h4 Bb7 22. h5 g5 23. fxg5 Qxg5 24. Qxg5+ hxg5 25. Re5 Kg7 26. Rxg5+ Kh6 27. Rg3 Rg8 28. Rxg8 Rxg8 29. Rd7 Bxg2 30. Rxf7 Kxh5 31. Rxa7 Bd5 32. Rh7+ Kg5 33. Bb3 Be4 34. Re7 Kf4 35. Rxe6 Rg1+ 36. Bd1 b5 37. a4 bxa4 38. Ra6 Ke3 39. Rxa4 Bd5 40. Rb4 Bf7 41. Rb6 Rh1 42. Rb7 Bd5 43. Re7+ Be4 44. Rd7 Bd3 45. Rd4 Rg1 46. b4 Rg2 47. Rg4 Ra2 48. Bb3 Ra1+ 49. Kb2 Rb1+ 50. Ka2 Kd2 51. Rd4 Rc1 52. c4 Kc3 53. Rd6 Bb1+ 54. Ka3 Bc2 55. Ba2 Ra1 56. Rh6 Bb1 57. Rh3+ Kd4 58. Kb2 Rxa2+ 59. Kxb1 Rg2 60. Rh4+ Kc3 61. c5 Kb3 62. Kc1 Ka4 63. Kd1 Kb5 64. Rd4 Rh2 65. Kc1 Rg2 66. Kb1 Rh2 1/2-1/2

[Event "Budapest SixDays Three Years IM-B"]
[Site "Budapest"]
[Date "2025.09.22"]
[Round "7"]
[White "Nasta, Kiren Vivek"]
[Black "Varga, Zoltan"]
[Result "0-1"]
[WhiteElo "2128"]
[BlackElo "2280"]
[PlyCount "86"]
[EventDate "2025.09.18"]
[EventType "tourn"]
[EventRounds "9"]
[EventCountry "HUN"]
[SourceTitle "CB40_2025"]
[SourceDate "2025.10.01"]
[SourceVersion "1"]
[SourceVersionDate "2025.10.01"]
[SourceQuality "1"]

1. e4 Nf6 2. e5 Nd5 3. d4 d6 4. c4 Nb6 5. f4 g6 6. Nc3 Bg7 7. Be3 Be6 8. d5 Bf5 9. Nf3 Bg4 10. h3 Bxf3 11. Qxf3 dxe5 12. 0-0-0 N6d7 13. f5 c5 14. h4 Nf6 15. g4 Qa5 16. g5 e4 17. Nxe4 Nxe4 18. Qxe4 gxf5 19. Qxf5 Nd7 20. Kb1 Qb6 21. Qc2 Ne5 22. h5 h6 23. g6 fxg6 24. hxg6 0-0-0 25. Bc1 Rdf8 26. Bh3+ Kb8 27. Be6 Ka8 28. Rh3 Rf6 29. Rg1 Nf3 30. Rf1 Nd4 31. Rxf6 Nxc2 32. Rf7 Nd4 33. Rxg7 Nxe6 34. Rxh6 Rxh6 35. Rg8+ Nd8 36. Bxh6 Kb8 37. Bf4+ Kc8 38. d6 Qc6 39. a3 Qe4+ 40. Ka1 Qxf4 41. Re8 Qc1+ 42. Ka2 Qxc4+ 43. Ka1 exd6 0-1

[Event "Budapest SixDays Three Years IM-B"]
[Site "Budapest"]
[Date "2025.09.20"]
[Round "5"]
[White "Nasta, Kiren Vivek"]
[Black "Sherman, Reem"]
[Result "0-1"]
[WhiteElo "2128"]
[BlackElo "2357"]
[PlyCount "84"]
[EventDate "2025.09.18"]
[EventType "tourn"]
[EventRounds "9"]
[EventCountry "HUN"]
[SourceTitle "CB40_2025"]
[SourceDate "2025.10.01"]
[SourceVersion "1"]
[SourceVersionDate "2025.10.01"]
[SourceQuality "1"]

1. e4 e5 2. Nf3 Nc6 3. Bb5 a6 4. Ba4 Nf6 5. 0-0 Be7 6. d3 b5 7. Bb3 d6 8. c3 0-0 9. a4 Bd7 10. Bc2 Re8 11. h3 h6 12. Re1 Bf8 13. Nbd2 Rb8 14. axb5 axb5 15. d4 Ra8 16. Rxa8 Qxa8 17. d5 Ne7 18. c4 Ng6 19. Re3 Nf4 20. Ra3 Qc8 21. Nh2 c6 22. Rc3 Qa8 23. Ra3 Qd8 24. b3 Qc7 25. Ndf1 cxd5 26. cxd5 Rc8 27. Ne3 Nxe4 28. Bxe4 Qxc1 29. Qxc1 Rxc1+ 30. Nhf1 f5 31. Ra7 Bc8 32. Nxf5 Ne2+ 33. Kh2 Rxf1 34. Ne7+ Bxe7 35. Rxe7 Rxf2 36. Re8+ Rf8 37. Bh7+ Kxh7 38. Rxf8 Bb7 39. Rb8 Bxd5 40. Rxb5 Bg8 41. b4 Bc4 42. Ra5 Nc3 0-1

[Event "Budapest SixDays Three Years IM-B"]
[Site "Budapest"]
[Date "2025.09.18"]
[Round "1"]
[White "Nasta, Kiren Vivek"]
[Black "Aashman, Gupta"]
[Result "1/2-1/2"]
[WhiteElo "2128"]
[BlackElo "2198"]
[PlyCount "52"]
[EventDate "2025.09.18"]
[EventType "tourn"]
[EventRounds "9"]
[EventCountry "HUN"]
[SourceTitle "CB40_2025"]
[SourceDate "2025.10.01"]
[SourceVersion "1"]
[SourceVersionDate "2025.10.01"]
[SourceQuality "1"]

1. e4 e5 2. Nf3 Nc6 3. Bb5 Nge7 4. Nc3 Ng6 5. d4 exd4 6. Nxd4 Nxd4 7. Qxd4 c6 8. Be2 Qb6 9. Qd3 Be7 10. 0-0 0-0 11. a4 d6 12. a5 Qc7 13. f4 Bd7 14. Be3 Rfe8 15. Kh1 b5 16. axb6 axb6 17. g3 b5 18. Rxa8 Rxa8 19. h4 Nf8 20. f5 b4 21. Nd1 d5 22. Bf4 dxe4 23. Qxe4 Bd6 24. Qxb4 c5 25. Qd2 Be5 26. Ne3 Re8 1/2-1/2

[Event "Budapest SixDays 09"]
[Site "Budapest"]
[Date "2025.09.16"]
[Round "7"]
[White "Adury, Anant"]
[Black "Nasta, Kiren Vivek"]
[Result "1/2-1/2"]
[WhiteElo "2253"]
[BlackElo "2128"]
[PlyCount "67"]
[EventDate "2025.09.12"]
[EventType "swiss"]
[EventRounds "9"]
[EventCountry "HUN"]
[SourceTitle "CB39_2025"]
[SourceDate "2025.09.24"]
[SourceVersion "1"]
[SourceVersionDate "2025.09.24"]
[SourceQuality "1"]

1. e4 e5 2. Nf3 Nc6 3. Bc4 Nf6 4. d3 Bc5 5. Nc3 h6 6. h3 a6 7. a4 d6 8. Be3 Bxe3 9. fxe3 Be6 10. Nd2 0-0 11. 0-0 Na5 12. Bd5 Nc6 13. Rf2 Bxd5 14. exd5 Nb4 15. e4 c6 16. dxc6 Nxc6 17. Nc4 Rb8 18. Ne3 b5 19. axb5 axb5 20. Qd2 b4 21. Ncd5 Nxd5 22. Nxd5 b3 23. c3 Ne7 24. Nb4 Qb6 25. Kh2 f5 26. Raf1 f4 27. Qd1 Kh7 28. Kh1 Qb7 29. Qe2 d5 30. Nxd5 Nxd5 31. exd5 Qxd5 32. Re1 Rfe8 33. Rf3 g5 34. Qf2 1/2-1/2

[Event "Budapest SixDays 09"]
[Site "Budapest"]
[Date "2025.09.14"]
[Round "5"]
[White "Nasta, Kiren Vivek"]
[Black "Horvath, David G"]
[Result "1-0"]
[WhiteElo "2128"]
[BlackElo "2286"]
[PlyCount "87"]
[EventDate "2025.09.12"]
[EventType "swiss"]
[EventRounds "9"]
[EventCountry "HUN"]
[SourceTitle "CB39_2025"]
[SourceDate "2025.09.24"]
[SourceVersion "1"]
[SourceVersionDate "2025.09.24"]
[SourceQuality "1"]

1. e4 e6 2. d4 d5 3. e5 c5 4. c3 Bd7 5. Nf3 Qb6 6. Be2 cxd4 7. cxd4 Bb5 8. Nc3 Bxe2 9. Nxe2 Nc6 10. 0-0 Nge7 11. h4 h6 12. h5 Nc8 13. a3 Be7 14. Qd3 Qa6 15. Qe3 Nb6 16. Rb1 Nc4 17. Qd3 Rc8 18. Ne1 Nb6 19. Qd1 Kd7 20. b4 Nb8 21. Nd3 Qa4 22. Nc5+ Bxc5 23. bxc5 Qxd1 24. Rxd1 Nc4 25. Rxb7+ Rc7 26. Rxc7+ Kxc7 27. Rd3 Nc6 28. Rg3 Rh7 29. Kf1 Kd7 30. Ke1 N4a5 31. Kd2 Ne7 32. Kc3 Nac6 33. Rf3 Ke8 34. Kd3 Rh8 35. g4 Rf8 36. Be3 Kd7 37. Nc3 a6 38. Na4 Kc8 39. Nb6+ Kc7 40. Bd2 f6 41. exf6 e5 42. fxe7 Rxf3+ 43. Ke2 Nxd4+ 44. Kd1 1-0

[Event "New York Marshall Labor Day-C"]
[Site "New York"]
[Date "2025.09.01"]
[Round "8"]
[White "Nasta, Kiren Vivek"]
[Black "Rohde, Michael A"]
[Result "1/2-1/2"]
[WhiteElo "2192"]
[BlackElo "2247"]
[PlyCount "45"]
[EventDate "2025.08.28"]
[EventType "tourn"]
[EventRounds "9"]
[EventCountry "USA"]
[SourceTitle "CB36_2025"]
[SourceDate "2025.09.03"]
[SourceVersion "1"]
[SourceVersionDate "2025.09.03"]
[SourceQuality "1"]

1. e4 c6 2. d4 d5 3. e5 Bf5 4. Nf3 e6 5. Be2 Nd7 6. 0-0 Ne7 7. c3 h6 8. a4 a5 9. Na3 Bh7 10. Ne1 Qc7 11. f4 Be4 12. Bd3 Bxd3 13. Nxd3 h5 14. Rf3 g6 15. Nf2 Nf5 16. Rh3 Be7 17. g4 Nh4 18. g5 Nf5 19. Ng4 Bxa3 20. Rxa3 c5 21. Ne3 Nxe3 22. Bxe3 c4 23. b4 1/2-1/2

[Event "New York Int op 13th"]
[Site "New York"]
[Date "2025.07.20"]
[Round "9"]
[White "Nasta, Kiren Vivek"]
[Black "Adu, Oladapo"]
[Result "1-0"]
[WhiteElo "2031"]
[BlackElo "2128"]
[PlyCount "85"]
[EventDate "2025.07.16"]
[EventType "swiss"]
[EventRounds "9"]
[EventCountry "USA"]
[SourceTitle "CB30_2025"]
[SourceDate "2025.07.23"]
[SourceVersion "1"]
[SourceVersionDate "2025.07.23"]
[SourceQuality "1"]

1. e4 c5 2. Nf3 e6 3. d4 cxd4 4. Nxd4 a6 5. c4 Nf6 6. Nc3 Qc7 7. a3 b6 8. f4 Bb7 9. Bd3 d6 10. f5 Nc6 11. Be3 Nxd4 12. Bxd4 Be7 13. 0-0 e5 14. Be3 h6 15. Qf3 Bc6 16. b4 Rb8 17. Rac1 Qd7 18. a4 a5 19. b5 Ba8 20. Nd5 Bxd5 21. cxd5 Qd8 22. Rc6 Nd7 23. Qg4 Kf8 24. Bf2 Nf6 25. Qf3 Nd7 26. Qh5 Nf6 27. Qh3 Nd7 28. Rfc1 Kg8 29. f6 gxf6 30. Qf5 Rh7 31. Be2 Rg7 32. Be3 Rh7 33. Bg4 Nc5 34. Bxc5 bxc5 35. b6 Kg7 36. Rb1 Rh8 37. b7 Qg8 38. Rc7 h5 39. Bh3 Qe8 40. Rb5 c4 41. Rc8 Qxb5 42. axb5 c3 43. Rxh8 1-0

[Event "Titled Tuesday intern op 25th Mar Early"]
[Site "Chess.com INT"]
[Date "2025.03.25"]
[Round "4"]
[White "Alazmi, Amani"]
[Black "Nasta, Kiren Vivek"]
[Result "0-1"]
[WhiteElo "1740"]
[BlackElo "2031"]
[PlyCount "70"]
[EventDate "2025.03.25"]
[EventType "swiss (blitz)"]
[EventRounds "11"]
[EventCountry "USA"]
[SourceTitle "CB14_2025"]
[SourceDate "2024.11.01"]
[SourceVersion "1"]
[SourceVersionDate "2024.11.01"]
[SourceQuality "1"]

1. d4 Nf6 2. Bf4 g6 3. Nc3 d5 4. Qd2 Bg7 5. h4 h5 6. Nf3 0-0 7. Bh6 c5 8. Bxg7 Kxg7 9. 0-0-0 Nc6 10. e3 cxd4 11. exd4 Bg4 12. Bd3 Bxf3 13. gxf3 Nxd4 14. Bxg6 Nxf3 15. Qf4 fxg6 16. Qxf3 Ne4 17. Qe3 Nxf2 18. Rxd5 Qb8 19. Qd4+ Kh7 20. Re1 Rf7 21. Rde5 Qd6 22. Qe3 Ng4 23. Rxh5+ gxh5 24. Qe4+ Qg6 25. Qxb7 Raf8 26. Ne4 Rf1 27. Ng5+ Kh8 28. Qxe7 Rxe1+ 29. Qxe1 Re8 30. Qc3+ Qf6 31. Qd3 Re1+ 32. Kd2 Qf2+ 33. Kc3 Re3 34. Nf7+ Qxf7 35. Qxe3 Nxe3 0-1

[Event "Titled Tuesday intern op 25th Mar Early"]
[Site "Chess.com INT"]
[Date "2025.03.25"]
[Round "9"]
[White "Nasta, Kiren Vivek"]
[Black "Abdsattar, Alisher"]
[Result "1-0"]
[WhiteElo "2031"]
[BlackElo "2142"]
[PlyCount "95"]
[EventDate "2025.03.25"]
[EventType "swiss (blitz)"]
[EventRounds "11"]
[EventCountry "USA"]
[SourceTitle "CB14_2025"]
[SourceDate "2024.11.01"]
[SourceVersion "1"]
[SourceVersionDate "2024.11.01"]
[SourceQuality "1"]

1. e4 e5 2. Nf3 Nc6 3. Bb5 a6 4. Ba4 Bc5 5. 0-0 Nge7 6. c3 Ba7 7. d4 Ng6 8. Be3 0-0 9. Nbd2 d5 10. exd5 exd4 11. cxd4 Nce7 12. d6 Qxd6 13. Ne4 Qd8 14. Rc1 Nd5 15. Bd2 c6 16. Nc5 h6 17. Qb3 b5 18. Qa3 bxa4 19. Qxa4 Bxc5 20. dxc5 Bd7 21. Ba5 Qf6 22. Rfd1 Bh3 23. Nd4 Ngf4 24. Qxc6 Ne2+ 25. Kf1 Nxc1 26. Qxf6 Nxf6 27. gxh3 Nxa2 28. Ra1 Ne4 29. c6 Nd6 30. Rxa2 Nb5 31. Nf5 Rfe8 32. Ra1 Rac8 33. Rc1 Re5 34. Ne3 Re6 35. Nd5 Kf8 36. c7 Ke8 37. Rc5 Re7 38. Nxe7 Kxe7 39. Rc6 Kd7 40. Rxa6 Nxc7 41. Ra7 Kd6 42. Rxc7 Rxc7 43. Bxc7+ Kxc7 44. Ke2 Kb6 45. Kd3 Kb5 46. Kc3 Kc5 47. b4+ Kb5 48. Kb3 1-0

[Event "Titled Tuesday intern op 25th Mar Early"]
[Site "Chess.com INT"]
[Date "2025.03.25"]
[Round "2"]
[White "Nasta, Kiren Vivek"]
[Black "Shogdzhiev, Roman Sav"]
[Result "0-1"]
[WhiteElo "2031"]
[BlackElo "2348"]
[PlyCount "188"]
[EventDate "2025.03.25"]
[EventType "swiss (blitz)"]
[EventRounds "11"]
[EventCountry "USA"]
[SourceTitle "CB14_2025"]
[SourceDate "2024.11.01"]
[SourceVersion "1"]
[SourceVersionDate "2024.11.01"]
[SourceQuality "1"]

1. e4 d6 2. d3 Nd7 3. Nc3 e6 4. g3 Ne7 5. Bg2 g6 6. Be3 Bg7 7. Nge2 b6 8. 0-0 Bb7 9. d4 0-0 10. a4 a5 11. Re1 Re8 12. Qd2 Nf8 13. Bh6 Bh8 14. h4 f6 15. Nf4 Kf7 16. d5 e5 17. Bxf8 exf4 18. Bxe7 Qxe7 19. Qxf4 Qe5 20. Qxe5 fxe5 21. Nb5 Re7 22. Re3 Ba6 23. Rc3 Bxb5 24. axb5 Rb8 25. Rc6 Ke8 26. Ra3 Bg7 27. Rac3 Kd8 28. Rf3 Ke8 29. Bh3 Bf8 30. Be6 Rg7 31. g4 Rb7 32. g5 Be7 33. Kg2 Bd8 34. Kg3 Ra7 35. Kg4 h5+ 36. gxh6 Rh7 37. h5 Rxh6 38. Bf7+ Kd7 39. hxg6 Rh4+ 40. Kg3 Rh5 41. Kg2 Rg5+ 42. Rg3 Rxg3+ 43. Kxg3 Bf6 44. Kg4 Ra8 45. Kf5 Bg7 46. Rc3 Rh8 47. Be6+ Kd8 48. Rg3 Rh5+ 49. Kg4 Rh8 50. Rf3 Rf8 51. Rh3 Ke7 52. Rh7 Kf6 53. Bf7 Rh8 54. Rxh8 Bxh8 55. b3 Ke7 56. Kf5 Bg7 57. Kg5 Kd7 58. f4 exf4 59. Kxf4 Ke7 60. Kf5 Be5 61. Kg4 Bg7 62. Kf3 Be5 63. Ke2 Kf8 64. Kd3 Kg7 65. Kc4 Kf8 66. c3 Kg7 67. Be8 Kf8 68. Bf7 Kg7 69. Kd3 Kf8 70. c4 Ke7 71. Ke2 Kf6 72. Kf3 Kg5 73. Ke3 Bg7 74. Kd3 Kf6 75. Kc2 Ke5 76. Kd3 Kf6 77. Be6 Ke5 78. Bf5 Kf6 79. Kc2 Ke5 80. Kb1 Kd4 81. Ka2 Kc5 82. Ka3 Bf6 83. Ka4 Bg7 84. Ka3 Kd4 85. Kb2 Kd3+ 86. e5+ Ke3 87. Kc2 Bxe5 88. Kb1 Bg7 89. Ka2 Kf3 90. Ka3 Kf4 91. b4 axb4+ 92. Kxb4 Kxf5 93. Ka4 Kxg6 94. c5 dxc5 0-1

[Event "Titled Tuesday intern op 25th Mar Early"]
[Site "Chess.com INT"]
[Date "2025.03.25"]
[Round "11"]
[White "Nazari, Arad"]
[Black "Nasta, Kiren Vivek"]
[Result "1-0"]
[WhiteElo "2425"]
[BlackElo "2031"]
[PlyCount "75"]
[EventDate "2025.03.25"]
[EventType "swiss (blitz)"]
[EventRounds "11"]
[EventCountry "USA"]
[SourceTitle "CB14_2025"]
[SourceDate "2024.11.01"]
[SourceVersion "1"]
[SourceVersionDate "2024.11.01"]
[SourceQuality "1"]

1. c4 g6 2. Nc3 c5 3. g3 Bg7 4. Bg2 Nc6 5. d3 e6 6. a3 Nge7 7. Rb1 0-0 8. e3 d5 9. Nge2 b6 10. 0-0 Bb7 11. b4 Rc8 12. bxc5 Na5 13. cxd5 Nxd5 14. Nxd5 Bxd5 15. Bxd5 Qxd5 16. cxb6 axb6 17. Rxb6 Rfd8 18. d4 Nc4 19. Rb4 Ne5 20. Nf4 Nf3+ 21. Kh1 Qe4 22. d5 Rc4 23. Rxc4 Qxc4 24. Kg2 Ne5 25. Qe2 exd5 26. Qxc4 dxc4 27. Bb2 Rd2 28. Bd4 g5 29. Nh5 h6 30. Nxg7 Nd3 31. Nf5 Ra2 32. Nd6 Rxa3 33. Nxc4 Ra2 34. Ne5 Nb4 35. Ra1 Rc2 36. Rb1 Nd5 37. Rb8+ Kh7 38. Rb7 1-0

[Event "New York State Scholastic-ch"]
[Site "New York"]
[Date "2025.03.16"]
[Round "5"]
[White "Casenas, Luis Joshua"]
[Black "Nasta, Kiren Vivek"]
[Result "0-1"]
[WhiteElo "1999"]
[BlackElo "2260"]
[PlyCount "130"]
[EventDate "2025.03.15"]
[EventType "swiss"]
[EventRounds "6"]
[EventCountry "USA"]
[SourceTitle "CB12_2025"]
[SourceDate "2025.03.19"]
[SourceVersion "1"]
[SourceVersionDate "2025.03.19"]
[SourceQuality "1"]

1. d4 Nf6 2. Bf4 g6 3. e3 Bg7 4. Nf3 0-0 5. Bd3 d5 6. 0-0 c5 7. c3 Nc6 8. Nbd2 Nd7 9. Bb5 a6 10. Bxc6 bxc6 11. Qc2 Qb6 12. Rab1 Nf6 13. Qb3 Qxb3 14. Nxb3 c4 15. Na5 Bd7 16. Ne5 Rfc8 17. b3 cxb3 18. Rxb3 Be8 19. Rb6 c5 20. Rfb1 Ne4 21. Nec6 Kf8 22. R1b3 g5 23. Bg3 cxd4 24. exd4 Nd2 25. Rb2 Nc4 26. Nxc4 Bxc6 27. Ne3 Bb5 28. h3 Rxc3 29. Rb4 Ra3 30. Nxd5 Rxa2 31. Nc7 Rd8 32. Nxb5 axb5 33. R6xb5 h6 34. Bc7 Rc8 35. Rb8 Ra8 36. Rxa8 Rxa8 37. g3 Ke8 38. g4 Kd7 39. Bg3 Kc6 40. Kg2 Kd5 41. Rb7 Re8 42. Rd7+ Kc6 43. Rc7+ Kb6 44. d5 Bf6 45. d6 exd6 46. Bxd6 Re6 47. Bg3 Be7 48. Rc2 Bc5 49. f4 Be3 50. f5 Re7 51. Kf3 Bd4 52. Kg2 Ra7 53. Rd2 Rd7 54. Kf3 Kc5 55. Bf2 Kc4 56. f6 Rd6 57. Ke4 Re6+ 58. Kf3 Rxf6+ 59. Kg3 Rxf2 60. Rxf2 Bxf2+ 61. Kxf2 Kd4 62. Kf3 Kd3 63. Kg3 Ke3 64. h4 Ke4 65. hxg5 hxg5 0-1

[Event "Titled Tuesday intern op 28th Jan Early"]
[Site "Chess.com INT"]
[Date "2025.01.28"]
[Round "4"]
[White "Habiaga, Raul Adrian"]
[Black "Nasta, Kiren Vivek"]
[Result "0-1"]
[WhiteElo "1987"]
[BlackElo "2010"]
[PlyCount "104"]
[EventDate "2025.01.28"]
[EventType "swiss (blitz)"]
[EventRounds "11"]
[EventCountry "USA"]
[SourceTitle "CB06_2025"]
[SourceDate "2025.02.05"]
[SourceVersion "1"]
[SourceVersionDate "2025.02.05"]
[SourceQuality "1"]

1. e4 e5 2. Nf3 Nc6 3. Bc4 Nf6 4. d3 Bc5 5. c3 a6 6. b4 Ba7 7. 0-0 d6 8. Nbd2 h6 9. Re1 0-0 10. a4 Re8 11. h3 Be6 12. Bxe6 Rxe6 13. Nc4 d5 14. exd5 Qxd5 15. Ne3 Bxe3 16. fxe3 Rd8 17. d4 exd4 18. exd4 Rxe1+ 19. Qxe1 Re8 20. Qf1 Qb3 21. Bd2 Nd5 22. b5 Na5 23. bxa6 bxa6 24. Qxa6 Nc4 25. Be1 Nxc3 26. Qc6 Re2 27. a5 Qb2 28. Ra4 Nxa4 29. Qxc4 Rxg2+ 30. Kh1 Rg6 31. Qf1 Qb7 32. a6 Qa8 33. Qe2 Nb6 34. Kh2 Nd5 35. Ne5 Nf4 36. Qf3 Qxf3 37. Nxf3 Rxa6 38. Kg3 Nd5 39. Ne5 Ra3+ 40. Kg4 Nf6+ 41. Kf4 Rxh3 42. Nc6 Rd3 43. Bf2 Rd2 44. Be3 Nd5+ 45. Kf3 Nxe3 46. Kxe3 Rc2 47. d5 Kf8 48. Ke4 h5 49. Ne5 Re2+ 50. Kf4 Rxe5 51. Kxe5 Ke7 52. Kf5 Kd6 0-1

[Event "Titled Tuesday intern op 28th Jan Early"]
[Site "Chess.com INT"]
[Date "2025.01.28"]
[Round "8"]
[White "Nasta, Kiren Vivek"]
[Black "Novikov, Evgenij"]
[Result "1/2-1/2"]
[WhiteElo "2010"]
[BlackElo "2276"]
[PlyCount "131"]
[EventDate "2025.01.28"]
[EventType "swiss (blitz)"]
[EventRounds "11"]
[EventCountry "USA"]
[SourceTitle "CB06_2025"]
[SourceDate "2025.02.05"]
[SourceVersion "1"]
[SourceVersionDate "2025.02.05"]
[SourceQuality "1"]

1. e4 c5 2. Nf3 Nc6 3. d4 cxd4 4. Nxd4 Nf6 5. Nc3 d6 6. Be2 g6 7. Be3 Bg7 8. Qd2 0-0 9. 0-0 Nxd4 10. Bxd4 Be6 11. f4 Rc8 12. h3 Bc4 13. Bxc4 Rxc4 14. Rad1 Qa5 15. Qe3 Nd7 16. Bxg7 Kxg7 17. e5 Qb6 18. Qxb6 Nxb6 19. exd6 exd6 20. Rxd6 Re8 21. f5 g5 22. Rfd1 h5 23. R1d2 g4 24. hxg4 hxg4 25. g3 Re5 26. f6+ Kg6 27. Ne2 Rce4 28. Nf4+ Kf5 29. Rh2 Re1+ 30. Kf2 Rc1 31. Rh5+ Ke4 32. Rxe5+ Kxe5 33. Nd3+ Kxd6 34. Nxc1 Ke5 35. Ke3 Nd5+ 36. Kd3 Kxf6 37. Kd4 Ke6 38. Nd3 b6 39. c4 Ne7 40. Nf4+ Kd6 41. Ke4 f5+ 42. Kd4 Nc6+ 43. Kc3 Ne5 44. b4 Nf3 45. a4 a5 46. c5+ bxc5 47. bxa5 Kc6 48. Nd3 Nh2 49. Kc4 Nf1 50. Ne5+ Kb7 51. Kxc5 Nxg3 52. Kb5 Ne2 53. a6+ Ka8 54. Kb6 g3 55. Nf3 g2 56. Kc5 Nc3 57. Kd4 Nxa4 58. Ke5 Nb6 59. Kxf5 Nc4 60. Ng1 Ne3+ 61. Kf4 Nd5+ 62. Ke5 Ka7 63. Kxd5 Kxa6 64. Ke4 Ka7 65. Kf3 Ka8 66. Kxg2 1/2-1/2

[Event "Titled Tuesday intern op 28th Jan Early"]
[Site "Chess.com INT"]
[Date "2025.01.28"]
[Round "5"]
[White "Shukhman, Anna"]
[Black "Nasta, Kiren Vivek"]
[Result "1-0"]
[WhiteElo "2365"]
[BlackElo "2010"]
[PlyCount "52"]
[EventDate "2025.01.28"]
[EventType "swiss (blitz)"]
[EventRounds "11"]
[EventCountry "USA"]
[SourceTitle "CB06_2025"]
[SourceDate "2025.02.05"]
[SourceVersion "1"]
[SourceVersionDate "2025.02.05"]
[SourceQuality "1"]

1. e4 e5 2. Nf3 Nc6 3. d4 exd4 4. Nxd4 Bc5 5. Nb3 Bb6 6. Nc3 Nf6 7. Qe2 0-0 8. Bg5 Nd4 9. Qd3 Nxb3 10. axb3 Re8 11. Be2 h6 12. Bh4 g5 13. Bg3 d6 14. h4 Bg4 15. hxg5 hxg5 16. f3 Bh5 17. Qd2 Bg6 18. Qxg5 Bd4 19. 0-0-0 Nh7 20. Qxd8 Be3+ 21. Kb1 Raxd8 22. Nd5 Bb6 23. Nf4 c6 24. Nxg6 fxg6 25. Bxd6 Re6 26. Bc4 Kf7 1-0

[Event "Titled Tuesday intern op 24th Sep Late"]
[Site "Chess.com INT"]
[Date "2024.09.24"]
[Round "1"]
[White "Bilan, Danila"]
[Black "Nasta, Kiren Vivek"]
[Result "1/2-1/2"]
[WhiteElo "2303"]
[BlackElo "2073"]
[PlyCount "132"]
[EventDate "2024.09.24"]
[EventType "swiss (blitz)"]
[EventRounds "11"]
[EventCountry "USA"]
[SourceTitle "EXT 2025"]
[Source "ChessBase"]
[SourceDate "2024.10.14"]
[SourceVersion "1"]
[SourceVersionDate "2024.10.14"]
[SourceQuality "1"]

1. d4 Nf6 2. Nf3 g6 3. Bg5 Bg7 4. c3 0-0 5. Nbd2 d6 6. e4 e5 7. dxe5 dxe5 8. Bc4 Nc6 9. a4 a5 10. 0-0 Be6 11. Bxe6 fxe6 12. Qb3 Qc8 13. Bxf6 Bxf6 14. Nc4 b6 15. Rfe1 Qd7 16. Rad1 Qg7 17. Rd3 g5 18. h3 h5 19. Qb5 Na7 20. Qd7 Qxd7 21. Rxd7 Rf7 22. Rxf7 Kxf7 23. Nfxe5+ Bxe5 24. Nxe5+ Kf6 25. Nc4 Rd8 26. Kf1 Nc6 27. Ke2 Ne5 28. Nxe5 Kxe5 29. Ke3 Rd7 30. g3 Rf7 31. Rg1 g4 32. hxg4 hxg4 33. Rh1 Rf3+ 34. Ke2 Rf7 35. Rh4 Kxe4 36. Rxg4+ Kd5 37. Rd4+ Kc5 38. f4 Rg7 39. Kf3 Rf7 40. g4 e5 41. Re4 exf4 42. Rxf4 Rg7 43. Kg3 Rg8 44. Rd4 b5 45. axb5 Kxb5 46. Kf4 c5 47. Rd5 Kc4 48. Rf5 a4 49. Rf7 Kb3 50. Rb7+ Kc2 51. g5 a3 52. bxa3 Kxc3 53. Kf5 Ra8 54. Rh7 Rxa3 55. Rh3+ Kb2 56. Rxa3 Kxa3 57. g6 c4 58. g7 c3 59. g8Q c2 60. Qb8 c1Q 61. Qa7+ Kb2 62. Qb6+ Ka2 63. Qa5+ Kb2 64. Qb4+ Ka2 65. Qa4+ Qa3 66. Qxa3+ Kxa3 1/2-1/2

[Event "Titled Tuesday intern op 24th Sep Early"]
[Site "Chess.com INT"]
[Date "2024.09.24"]
[Round "4"]
[White "Kanyamarala, Trisha"]
[Black "Nasta, Kiren Vivek"]
[Result "1-0"]
[WhiteElo "2179"]
[BlackElo "2073"]
[PlyCount "63"]
[EventDate "2024.09.24"]
[EventType "swiss (blitz)"]
[EventRounds "11"]
[EventCountry "USA"]
[SourceTitle "EXT 2025"]
[Source "ChessBase"]
[SourceDate "2024.10.14"]
[SourceVersion "1"]
[SourceVersionDate "2024.10.14"]
[SourceQuality "1"]

1. c4 g6 2. Nc3 c5 3. g3 Bg7 4. Bg2 Nc6 5. Nf3 e6 6. 0-0 Nge7 7. d4 cxd4 8. Nb5 d5 9. cxd5 exd5 10. Bf4 0-0 11. Nfxd4 Qb6 12. Bc7 Qc5 13. Rc1 Qb4 14. Bd6 Qxb2 15. Rc2 Bxd4 16. Rxb2 Bxb2 17. Nc7 Rb8 18. Nxd5 Nxd5 19. Bxf8 Kxf8 20. Qxd5 Be6 21. Qd6+ Kg7 22. Bxc6 bxc6 23. Qxb8 Bf6 24. a4 c5 25. Qxa7 c4 26. Qc7 c3 27. a5 Bb3 28. a6 c2 29. a7 Bb2 30. a8Q Bf6 31. Qcc8 h5 32. Qh8# 1-0

[Event "Titled Tuesday intern op 24th Sep Late"]
[Site "Chess.com INT"]
[Date "2024.09.24"]
[Round "2"]
[White "Keleberda, Timur"]
[Black "Nasta, Kiren Vivek"]
[Result "1-0"]
[WhiteElo "2258"]
[BlackElo "2073"]
[PlyCount "159"]
[EventDate "2024.09.24"]
[EventType "swiss (blitz)"]
[EventRounds "11"]
[EventCountry "USA"]
[SourceTitle "EXT 2025"]
[Source "ChessBase"]
[SourceDate "2024.10.14"]
[SourceVersion "1"]
[SourceVersionDate "2024.10.14"]
[SourceQuality "1"]

1. Nf3 Nf6 2. c4 g6 3. d4 Bg7 4. Nc3 d5 5. h4 c6 6. Bf4 0-0 7. e3 Bf5 8. Bd3 Bxd3 9. Qxd3 Nbd7 10. h5 Nxh5 11. Rxh5 gxh5 12. Ng5 Nf6 13. Be5 h6 14. Nf3 Ng4 15. Bg3 dxc4 16. Qxc4 Qa5 17. 0-0-0 b5 18. Qb3 c5 19. Qxb5 Qxb5 20. Nxb5 cxd4 21. exd4 Rac8+ 22. Kb1 a6 23. Nc3 Rfd8 24. Ne2 e5 25. d5 e4 26. Nh4 e3 27. f3 Nf2 28. Bxf2 exf2 29. Nf5 Re8 30. Nfg3 Rxe2 31. Nxe2 Re8 32. Ng3 Re1 33. Kc2 h4 34. Nf1 Re2+ 35. Kd3 Rxb2 36. Rd2 Rxd2+ 37. Nxd2 Kf8 38. Ke3 Ke7 39. Kxf2 Kd6 40. Ke3 Kxd5 41. Kd3 h5 42. Nc4 Kc5 43. Ne3 Kb4 44. Kc2 a5 45. Nf5 Bf6 46. Nd6 a4 47. Nxf7 a3 48. Kd3 Kc5 49. Nh6 Kd5 50. f4 Bg7 51. Nf5 Bf8 52. Nxh4 Bd6 53. Ng6 Ke6 54. Ke4 Kf6 55. f5 Bg3 56. Nf4 Kg5 57. Ne6+ Kf6 58. Nd4 Be5 59. Nb5 Bb2 60. Nd6 Kg5 61. Nc4 Bc1 62. Ne5 Bb2 63. Nd3 Kg4 64. Nf4 h4 65. Ng6 Kg3 66. Kd5 Kxg2 67. Nxh4+ Kg3 68. Ng6 Kg4 69. Ke6 Kg5 70. Ne5 Kh6 71. f6 Kh7 72. f7 Kg7 73. Nd7 Kh7 74. f8Q Bg7 75. Qf7 Kh8 76. Nf6 Bxf6 77. Qxf6+ Kg8 78. Qe7 Kh8 79. Kf6 Kg8 80. Qg7# 1-0